| 000 | 00956nam a2200301 4500 | ||
|---|---|---|---|
| 003 | EG-GICUC | ||
| 005 | 20260121101347.0 | ||
| 008 | 251126s1959 ua ||||fr|||| 00| 0 fre d | ||
| 040 |
_aEG-GiCUC _bfre _cEG-GiCUC _dEG-GiCUC _eRda |
||
| 041 | _afre | ||
| 082 | 0 | 4 |
_221 _a341.1 _bR A . I |
| 092 | 0 | 4 | _221 |
| 099 | _aLaw1 11 341.1 R A . I 1959 | ||
| 100 | 1 |
_aRateb,Aisha _eAuteur |
|
| 245 | 1 | 2 |
_a L'individu et le droit international public / _cAisha Rateb. |
| 264 |
_aLe Caire: _bl` Université du Caire: _c1959 |
||
| 300 |
_a220 page : _c 24 cm. |
||
| 336 |
_2rda contenu _a texte |
||
| 337 |
_2rda medias _aOrdinateur |
||
| 338 |
_2 transporteur rda _a Ressource en ligne |
||
| 504 | _aBibliographic references bibliographie | ||
| 546 | _aTexte en français | ||
| 650 | 1 |
_aDroit international public _2qrmak |
|
| 651 | 1 | _2qrmak | |
| 856 | 4 | 0 | _uhttps://fll.law.cu.edu.eg/fulltext/bks/B11-06151.pdf |
| 905 |
_a75 _eYara |
||
| 942 |
_2ddc _n0 _cBK _e21 |
||
| 999 |
_c46186 _d46186 |
||